Využitie business intelligence systémov v plánovaní a rozhodovaní podniku diplomová práca

Guardado en:
Detalles Bibliográficos
Autor principal: Paška, Richard
Autor Corporativo: Fakulta podnikového manažmentu EU. Katedra informačného manažmentu
Otros Autores: Bolek, Vladimír, 1988-
Formato: Libro
Lenguaje:eslovaco
Publicado: Bratislava 2021
Etiquetas: Agregar Etiqueta
Sin Etiquetas, Sea el primero en etiquetar este registro!

MARC

LEADER 00000nbm a2200000 4500
001 0275609
005 20211123091015.5
041 0 |a slo 
044 |a SK 
245 1 0 |a Využitie business intelligence systémov v plánovaní a rozhodovaní podniku  |b diplomová práca  |c Richard Paška ; školiteľ: Vladimír Bolek 
264 1 |a Bratislava  |c 2021 
300 |a 62 s. 
100 1 |a Paška, Richard 
700 1 |a Bolek, Vladimír, 1988- 
710 2 |a Fakulta podnikového manažmentu EU. Katedra informačného manažmentu